Normal view
MARC view
- translated by Moulana Fateh Muhammad Khan
Entry Personal Name
001 - CONTROL NUMBER
- control field: 9694
003 - CONTROL NUMBER IDENTIFIER
- control field: NUST
005 - DATE AND TIME OF LATEST TRANSACTION
- control field: 20180124123131.0
008 - FIXED-LENGTH DATA ELEMENTS
- fixed length control field: 180124|| aca||aabn | a|a d
040 ## - CATALOGING SOURCE
- Original cataloging agency: NUST
- Transcribing agency: NUST
100 ## - HEADING--PERSONAL NAME
- Personal name: translated by Moulana Fateh Muhammad Khan
670 ## - SOURCE DATA FOUND
- Source citation: Work cat.: (NUST)322681: Raja Javed Safdar Maj (R); 9693, Fahmul Quran 21st century, 2013
